000 00813nam a2200217Ia 4500
003 Ost
005 20260507075114.0
008 260507s9999||||xx |||||||||||||| ||und||
040 _cfsecg
041 _aara
082 _a330
100 _aعطوي، فوزي
_eمؤلف
245 0 _aفي الإقتصاد السياسي :
_bالنقود والنظم النقدية /
_c فوزي عطوي
260 _aبيروت:
_bدار الفكر العربي,
_c1989
300 _a310 صفحة؛
_c24 سم
504 _aببليوغرافيا:301-307
520 _aالتيارات الاقتصادية الحديثة،نشأة النقود وتطورها،طبيعة النقود،النظم النقدية،الاصدار النقدي
653 _aالاقتصاد
653 _aالنقود
942 _cكتاب
999 _c42981
_d42981